| 000 | 00953nam a22003017a 4500 | ||
|---|---|---|---|
| 003 | CHAP | ||
| 005 | 20220329134835.0 | ||
| 008 | 971013s1985 r 00010 d | ||
| 010 | _a26798 | ||
| 011 | _a27770 | ||
| 035 | _a31871 | ||
| 040 | _cCHAP | ||
| 090 | _aFolleto 10166 | ||
| 110 |
_aInstituto Mexicano de Comercio Exterior _959249 |
||
| 245 | _aRelaciones comerciales México-Brasil | ||
| 260 |
_aMéxico, D.F. : _bEl Instituto, _c1985 |
||
| 300 | _a101 p | ||
| 590 |
_aBATCH-UPD _b10 _c20130110 _lUCH01 _h1921 |
||
| 590 |
_aBATCH-UPD _b10 _c20130410 _lUCH01 _h1247 |
||
| 590 |
_aBATCH-UPD _b10 _c20130914 _lUCH01 _h1336 |
||
| 590 |
_aCONVERSION _b10 _c20130109 _lUCH01 _h1315 |
||
| 650 | 1 | 4 |
_aExportación e importación _xBrasil. _939084 |
| 650 | 1 | 4 |
_aExportación e importación _zMéxico. _939119 |
| 650 | 1 | 4 |
_aMéxico _xComercio _xBrasil. _976676 |
| 901 | _aBK | ||
| 942 | _cFOLL | ||
| 949 |
_aFolleto 10166 _bBC _cFOLL _d-73700 _eTS1 _i31871 _mD _si |
||
| 999 |
_c26798 _d26798 |
||